Who Wrote My Destiny: (Record no. 82505)

MARC details
000 -LEADER
fixed length control field 00749nam a22002177a 4500
005 - DATE AND TIME OF LATEST TRANSACTION
control field 20140703150140.0
010 ## - LCCN (DPL NO)
LC control number B-495749
020 ## - INTERNATIONAL STANDARD BOOK NUMBER
International Standard Book Number 9788184245790
Terms of availability 300.00
035 ## - SYSTEM CONTROL NUMBER
System control number B-495749
037 ## - SOURCE OF ACQUISITION
Stock number dpl
Source of stock number/acquisition Allied Pub/Ven
082 ## - DEWEY DECIMAL CLASSIFICATION NUMBER
Classification number 921
100 ## - MAIN ENTRY--PERSONAL NAME
Personal name Subas Chandran, P.R.
245 ## - TITLE STATEMENT
Title Who Wrote My Destiny:
Remainder of title Dhar Galli to Delhi/
Statement of responsibility, etc by P.R.Subas Chandran
250 ## - EDITION STATEMENT
Edition statement 3rd edn
260 ## - PUBLICATION, DISTRIBUTION, ETC. (IMPRINT)
Place of publication, distribution, etc New Delhi
Name of publisher, distributor, etc Allied Pub
Date of publication, distribution, etc 2013
270 ## - ADDRESS
Address 1/13-14 Asaf Ali Road,
City New Delhi
Postal code 110002
300 ## - PHYSICAL DESCRIPTION
Extent 322p.
Other physical details ill.
Dimensions 21cm(pbk)
500 ## - GENERAL NOTE
General note Authorised biography of Sushilkumar Shinde
942 ## - ADDED ENTRY ELEMENTS (KOHA)
Source of classification or shelving scheme Dewey Decimal Classification
Item type English Books
Classification part 921
Call number suffix SUB
Holdings
Withdrawn status Lost status Not for loan Collection code Home library Current library Date acquired Source of acquisition Cost, normal purchase price Full call number Barcode Copy number Cost, replacement price Koha item type
      Non-fiction Central Library Central Library 13/02/2014 Allied Pub/DE/2012CR/0001881/12.3.2013/167/8.3.2013/16.3.2013 300.00 921 SUB B-495749 1 300.00 English Books

© Delhi Public Library
Hit Counter
free hit counter